Statistiche per Capitali mondiali più vicine ad Amsterdam

Clicka qui per fare il quiz!

Statistiche generali

  • Questo quiz è stato fatto 20 volte
  • Il punteggio medio è 18 su 20

Statistiche sulle risposte

kmcapitale% Corretto
578Berlino
100%
173Bruxelles
100%
756Dublino
100%
358Londra
100%
319Lussemburgo
100%
430Parigi
100%
1125Stoccolma
100%
631Berna
94%
914Oslo
94%
936Vienna
94%
622Copenaghen
88%
713Praga
88%
1098Varsavia
88%
1086Zagabria
88%
979Monaco
82%
1126Andorra la Vella
76%
989Lubiana
76%
670Vaduz
71%
987Bratislava
65%
1091San Marino
65%

Distribuzione punteggi

Percentile per numero di risposta

Percentuale di utenti per punteggio

I tuoi punteggi nel tempo

Non hai fatto questo quiz